|
|
|
|
| LEADER |
00000nam a2200000 4500 |
| 008 |
160727b2003 m ||||| |||| 00| | spa d |
| 999 |
|
|
|c 3284
|d 3284
|
| 020 |
|
|
|a 9703209637 (UNAM)
|
| 020 |
|
|
|a 970722276x (Plaza y Valdés)
|
| 090 |
|
|
|a 06.01.01
|b 2349
|
| 100 |
1 |
|
|9 1901
|a Morán Oviedo, Porfirio
|
| 245 |
1 |
3 |
|a El vínculo de la docencia y la investigación en el trabajo académico de la UNAM /
|c Porfirio Morán Oviedo
|
| 260 |
|
|
|a México :
|b Centro de estudios de la universidad; Plaza y Valdés,
|c 2003
|
| 300 |
|
|
|a 226 páginas
|
| 490 |
|
|
|a Educación Superior Contemporánea. Serie mayor
|
| 610 |
2 |
4 |
|9 1496
|a UNIVERSIDAD NACIONAL AUTONÓMA DE MÉXCIO
|
| 650 |
1 |
4 |
|9 326
|a INVESTIGACIÓN EDUCATIVA
|
| 650 |
1 |
4 |
|9 1841
|a DOCENCIA
|
| 650 |
1 |
4 |
|9 498
|a FORMACIÓN PROFESIONAL
|
| 650 |
1 |
4 |
|9 1928
|a SITUACIÓN DE LOS DOCENTES
|
| 942 |
|
|
|i 004202
|h 06.01.01 2349
|2 z
|c 01
|